000 00337nam a22001457a 4500
003 SGT
020 _a9788121601649
082 _a923.154
_bI90P
100 _aPANDEY, MRINAAL
245 _aINDIRA GANDHI:SAMRITI SANDARABH
260 _aINDIA
_bHINDI POCKET BOOKS
300 _a232
650 _aPRIME MINISTER OF INDIA
942 _2ddc
_cBK
999 _c25871
_d25871